| 000 | 00550nam a22002057a 4500 | ||
|---|---|---|---|
| 001 | 7838 | ||
| 003 | BD-RjUL | ||
| 005 | 20211208234502.0 | ||
| 008 | 160625s1957 pk ||||| |||| 001 0 eng d | ||
| 035 | _a(BD-RjUL)7882 | ||
| 040 |
_aBD-RjUL _beng _cBD-RjUL _dBD-RjUL |
||
| 041 | _aeng | ||
| 082 | 0 | 4 |
_220 _a332.4 _bHAM 1957 |
| 100 | 1 |
_aHasan, Syed Najmul, _924442 |
|
| 245 |
_aMoney and banking / _cSyed Najmul Hasan. |
||
| 260 |
_aKarachi : _bUrdu college, _c1957. |
||
| 300 |
_a288 p. ; _c19 cm. |
||
| 650 | 0 | 7 |
_aMoney and banking _924443 |
| 942 |
_2ddc _cBK |
||
| 999 |
_c7838 _d7838 |
||